| Tag |
First Indicator |
Second Indicator |
Subfields |
| LEADER |
00000cam a2200000 4500 |
| 001 |
in00000722650 |
| 005 |
20151016062642.0 |
| 008 |
721019s1963 nbuach 00010aeng u |
| 010 |
|
|
|a 62007874
|
| 035 |
|
|
|a (OCoLC)00467047
|
| 035 |
|
|
|9 ADD5245AM
|
| 040 |
|
|
|c WSU
|d TXA
|d UtOrBLW
|
| 049 |
|
|
|a TXAM
|c [402397]
|
| 050 |
|
0 |
|a E766
|b .D29 1963
|
| 092 |
|
|
|a 973.913
|b D186c
|
| 100 |
1 |
|
|a Daniels, Josephus,
|d 1862-1948.
|
| 245 |
1 |
4 |
|a The cabinet diaries of Josephus Daniels, 1913-1921 /
|c Edited by E. David Cronon.
|
| 264 |
|
1 |
|a Lincoln :
|b University of Nebraska Press,
|c [1963]
|
| 300 |
|
|
|a x, 648 pages :
|b illustrations, portraits, facsimiles ;
|c 24 cm.
|
| 336 |
|
|
|a text
|b txt
|2 rdacontent
|
| 337 |
|
|
|a unmediated
|b n
|2 rdamedia
|
| 338 |
|
|
|a volume
|b nc
|2 rdacarrier
|
| 500 |
|
|
|a "Diaries for 1914 and 1916 are lacking."
|
| 610 |
1 |
0 |
|a United States.
|b Navy
|x History
|x Sources.
|
| 650 |
|
0 |
|a Cabinet officers
|z United States.
|
| 651 |
|
0 |
|a United States
|x Politics and government
|y 1913-1921.
|
| 700 |
1 |
|
|a Cronon, Edmund David.
|
| 999 |
|
|
|a MARS
|
| 999 |
f |
f |
|s bbda2114-c81f-335c-9c1a-db8501a9ec62
|i aa868ed8-ec6b-3939-a58e-0fd98cc3ffaa
|t 0
|
| 952 |
f |
f |
|p normal
|a Texas A&M University
|b College Station
|c Sterling C. Evans Library
|s Evans stk
|d Evans: Library Stacks
|t 0
|e E766 D29 1963
|h Library of Congress classification
|i unmediated -- volume
|m A14801534693
|
| 998 |
f |
f |
|a E766 D29 1963
|t 0
|l Evans: Library Stacks
|